Imagine Dragons Evolve World Tour Cities - Statistics

General Stats
  • This quiz has been taken 16 times
  • The average score is 62 of 138
Answer Stats
State and/or Country City % Correct
California, USA Los Angeles
100%
Arizona, USA Phoenix
89%
Washington, USA Seattle
89%
Netherlands Amsterdam
78%
Georgia, USA Atlanta
78%
Massachusetts, USA Boston
78%
Illinois, USA Chicago
78%
Colorado, USA Denver
78%
Quebec, Canada Montreal
78%
New York, USA New York City
78%
Pennsylvania, USA Philadelphia
78%
California, USA Sacramento
78%
British Columbia, Canada Vancouver
78%
US Capital Washington DC
78%
Texas, USA Austin
67%
England Birmingham
67%
Argentina Buenos Aires
67%
Ohio, USA Cincinnati
67%
Texas, USA Dallas
67%
Michigan, USA Detroit
67%
Scotland Glasgow
67%
Connecticut, USA Hartford
67%
Texas, USA Houston
67%
Nevada, USA Las Vegas
67%
England London
67%
France Lyon
67%
Minnesota, USA Minneapolis
67%
New Jersey, USA Newark
67%
Florida, USA Orlando
67%
France Paris
67%
Czech Republic Prague
67%
Quebec, Canada Quebec City
67%
Brazil Rio de Janeiro
67%
Utah, USA Salt Lake City
67%
Chile Santiago
67%
Australia Sydney
67%
Japan Tokyo
67%
Ontario, Canada Toronto
67%
Austria Vienna
67%
Paraguay Asuncion
56%
New Zealand Auckland
56%
Thailand Bangkok
56%
Spain Barcelona
56%
Germany Berlin
56%
New York, USA Buffalo
56%
North Carolina, USA Charlotte
56%
Ireland Dublin
56%
Alberta, Canada Edmonton
56%
Spain Madrid
56%
England Manchester
56%
Australia Melbourne
56%
Germany Munich
56%
Norway Oslo
56%
North Carolina, USA Raleigh
56%
China Shanghai
56%
Singapore Singapore
56%
Sweden Stockholm
56%
Minnesota, USA St. Paul
56%
Taiwan Taipei
56%
New Zealand Wellington
56%
Switzerland Zurich
56%
Switzerland Zürich
56%
Belgium Antwerp
44%
Alberta, Canada Calgary
44%
South Carolina, USA Columbia
44%
Germany Hamburg
44%
China Hong Kong
44%
Missouri, USA Kansas City
44%
Mexico Monterrey
44%
Tennessee, USA Nashville
44%
Brazil São Paulo
44%
South Dakota, USA Sioux Falls
44%
Florida, USA Tampa
44%
Oklahoma, USA Tulsa
44%
Virginia, USA Virginia Beach
44%
New Mexico, USA Albuquerque
33%
California, USA Anaheim
33%
Australia Brisbane
33%
Germany Frankfurt
33%
Turkey Istanbul
33%
Ukraine Kiev
33%
Portugal Lisbon
33%
Mexico Mexico City
33%
Italy Milan
33%
Wisconsin, USA Milwaukee
33%
Russia Moscow
33%
Louisiana, USA New Orleans
33%
Nebraska, USA Omaha
33%
Australia Perth
33%
Saudi Arabia Riyadh
33%
New York, USA Syracuse
33%
Maine, USA Bangor
22%
France Bordeaux
22%
Montana, USA Bozeman
22%
New York, USA Brooklyn
22%
New Jersey, USA Camden
22%
Ohio, USA Cuyahoga Falls
22%
Italy Florence
22%
California, USA Inglewood
22%
Florida, USA West Palm Beach
22%
Kansas, USA Wichita
22%
Netherlands Arnhem
11%
Mississippi, USA Brandon
11%
Virginia, USA Bristow
11%
Ohio, USA Canton
11%
California, USA Chula Vista
11%
Michigan, USA Clarkston
11%
California, USA Concord
11%
Luxembourg Esch-sur-Alzette
11%
Belgium Hasselt
11%
Pennsylvania, USA Hershey
11%
New Jersey, USA Holmdel
11%
Massachusetts, USA Mansfield
11%
Missouri, USA Maryland Heights
11%
France Maxéville
11%
France Montpellier
11%
Colorado, USA Morrison
11%
Indiana, USA Noblesville
11%
Germany Oberhausen
11%
Alabama, USA Orange Beach
11%
New York, USA Saratoga Springs
11%
Austria St. Pölten
11%
Texas, USA The Woodlands
11%
Illinois, USA Tinley Park
11%
Connecticut, USA Uncasville
11%
Utah, USA West Valley City
11%
Texas, USA Frisco
0%
California, USA Mountain Home
0%
California, USA Napa Valley
0%
Malaysia Shah Alam
0%
No matching quizzes found
Score Distribution
Percent of People with Each Score
Percentile by Number Answered
Your Score History
You have not taken this quiz